Yoman Paris: (Record no. 33551)

MARC details
000 -LEADER
fixed length control field 00764cam a22002291 4500
001 - CONTROL NUMBER
control field he 68002302
003 - CONTROL NUMBER IDENTIFIER
control field DLC
005 - DATE AND TIME OF LATEST TRANSACTION
control field 20260227111501.0
008 - FIXED-LENGTH DATA ELEMENTS--GENERAL INFORMATION
fixed length control field 860131s1968 is 000 0 hebr
010 ## - LIBRARY OF CONGRESS CONTROL NUMBER
LC control number he 68002302
035 ## - SYSTEM CONTROL NUMBER
System control number (OCoLC)13091799
040 ## - CATALOGING SOURCE
Original cataloging agency DLC
Transcribing agency CoDU
Modifying agency CoDU
-- DLC
050 00 - LIBRARY OF CONGRESS CALL NUMBER
Classification number DS119.8.F8
Item number T7
100 1# - MAIN ENTRY--PERSONAL NAME
Personal name Tsur, Jacob,
Dates associated with a name 1906-
245 10 - TITLE STATEMENT
Title Yoman Paris:
Remainder of title ha-maʻarakhah ha-diplomaṭit be-Tsarfat, 1953-1956 /
Statement of responsibility, etc. [me-et] Yaʻaḳov Tsur.
260 ## - PUBLICATION, DISTRIBUTION, ETC.
Place of publication, distribution, etc. [Tel Aviv]
Name of publisher, distributor, etc. ʻAm ʻoved,
Date of publication, distribution, etc. [1968]
300 ## - PHYSICAL DESCRIPTION
Extent 316 p.
Dimensions 22 cm.
500 ## - GENERAL NOTE
General note Added t. p.: An ambassador's diary in Paris, 1953-1956.
651 #0 - SUBJECT ADDED ENTRY--GEOGRAPHIC NAME
Geographic name Israel
General subdivision Foreign relations
Geographic subdivision France.
651 #0 - SUBJECT ADDED ENTRY--GEOGRAPHIC NAME
Geographic name France
General subdivision Foreign relations
Geographic subdivision Israel.
740 02 - ADDED ENTRY--UNCONTROLLED RELATED/ANALYTICAL TITLE
Uncontrolled related/analytical title Ambassador's diary in Paris, 1953-1956.

No items available.

Powered by Koha